000 00527cam a22001934a 4500
005 20250605164259.0
008 250528s ||||||||||||||||||||||||d
035 _a21999
020 _a9789604612185
040 _aGR-AtMCL
_bgre
_dGR-AtMCL
_eAACR2
245 1 _aΣΤΡΑΤΗΓΙΚΗ ΔΙΟΙΚΗΣΗ ΤΗΣ ΠΑΡΑΓΩΓΗΣ
250 _a1
260 _bΚλειδάριθμος,
_c2009
300 _a272
700 1 _aΑδαμιδης Εμμανουηλ Δ
_97874
942 _cBK
999 _c7055
_d7055